Анализ отказов оборудования морских газопроводов и факторов, определяющих их надежность; Проблемы геологии и освоения недр; Т. 2

Bibliografiske detaljer
Parent link:Проблемы геологии и освоения недр: труды XVII Международного симпозиума имени академика М. А. Усова студентов и молодых ученых, Томск, 1-5 апреля 2013 г./ Национальный исследовательский Томский политехнический университет (ТПУ), Институт природных ресурсов (ИПР) ; Общество инженеров-нефтяников, Студенческий чаптер ; под ред. А. Ю. Дмитриева.— , 2013
Т. 2.— 2013.— [С. 423-425]
Hovedforfatter: Степкин Н. А.
Institution som forfatter: Национальный исследовательский Томский политехнический университет (ТПУ) Институт природных ресурсов (ИПР) Кафедра транспорта и хранения нефти и газа (ТХНГ)
Andre forfattere: Саруев А. Л. Алексей Львович (научный руководитель)
Summary:Заглавие с экрана
Sprog:russisk
Udgivet: 2013
Serier:Современные технологии и техника нефтегазопроводов и нефтегазохранилищ
Fag:
Online adgang:http://www.lib.tpu.ru/fulltext/c/2013/C11/V2/205.pdf
Format: MixedMaterials Electronisk Book Chapter
KOHA link:https://koha.lib.tpu.ru/cgi-bin/koha/opac-detail.pl?biblionumber=605236

MARC

LEADER 00000naa2a2200000 4500
001 605236
005 20260225160210.0
035 |a (RuTPU)RU\TPU\conf\2521 
035 |a RU\TPU\conf\2518 
090 |a 605236 
100 |a 20140407d2013 k y0rusy50 ca 
101 0 |a rus 
102 |a RU 
135 |a arnn ---uucaa 
181 0 |a i  
182 0 |a b 
200 1 |a Анализ отказов оборудования морских газопроводов и факторов, определяющих их надежность  |f Н. А. Степкин  |g науч. рук. А. Л. Саруев 
203 |a Текст  |c электронный 
225 1 |a Современные технологии и техника нефтегазопроводов и нефтегазохранилищ 
300 |a Заглавие с экрана 
320 |a [Библиогр.: с. 425 (2 назв.)] 
337 |a Adobe Reader 
461 1 |0 (RuTPU)RU\TPU\conf\37  |t Проблемы геологии и освоения недр  |o труды XVII Международного симпозиума имени академика М. А. Усова студентов и молодых ученых, Томск, 1-5 апреля 2013 г.  |o в 2 т.  |f Национальный исследовательский Томский политехнический университет (ТПУ), Институт природных ресурсов (ИПР) ; Общество инженеров-нефтяников, Студенческий чаптер ; под ред. А. Ю. Дмитриева  |d 2013 
463 1 |0 (RuTPU)RU\TPU\conf\39  |t Т. 2  |v [С. 423-425]  |d 2013 
610 1 |a труды учёных ТПУ 
610 1 |a электронный ресурс 
610 1 |a отказы 
610 1 |a оборудование 
610 1 |a морские газопроводы 
610 1 |a надежность 
610 1 |a природные газы 
700 1 |a Степкин  |b Н. А. 
702 1 |a Саруев  |b А. Л.  |c специалист в области нефтегазопромыслового оборудования  |c доцент Томского политехнического университета, кандидат технических наук  |f 1974-  |g Алексей Львович  |4 727 
712 0 2 |a Национальный исследовательский Томский политехнический университет (ТПУ)  |b Институт природных ресурсов (ИПР)  |b Кафедра транспорта и хранения нефти и газа (ТХНГ)  |3 (RuTPU)RU\TPU\col\18661 
801 2 |a RU  |b 63413507  |c 20230316  |g RCR 
856 4 |u http://www.lib.tpu.ru/fulltext/c/2013/C11/V2/205.pdf 
942 |c CF